000
00252nam a22001097a 4500
008
260424b |||||||| |||| 00| 0 eng d
082
_a
001060
245
_a
Narayanachar, K S
260
_a
Hubli
_b
Sahitya Prakashana
_c
2017
300
_a
536p
942
_2
ddc
999
_c
1300
_d
1300